[Event "Canadian op U2400"]
[Site "Montreal"]
[Date "2014.07.23"]
[Round "6"]
[White "Twesigye, Derick Joshua"]
[Black "Yang, Michael"]
[Result "1/2-1/2"]
[WhiteElo "2023"]
[BlackElo "2184"]
[PlyCount "92"]
[EventDate "2014.07.19"]
[EventType "swiss"]
[EventRounds "9"]
[EventCountry "CAN"]
[SourceTitle "EXT 2022"]
[Source "ChessBase"]
[SourceDate "2021.10.06"]
[SourceVersion "1"]
[SourceVersionDate "2021.10.06"]
[SourceQuality "1"]

1. e4 c5 2. Nf3 e6 3. d4 cxd4 4. Nxd4 Nf6 5. Nc3 Bb4 6. Ndb5 Nc6 7. h3 Bxc3+ 8. Nxc3 a6 9. Be2 Qc7 10. 0-0 0-0 11. Be3 d6 12. f4 b5 13. Bf3 Bb7 14. Qd2 Na5 15. Qf2 Nc4 16. Bc1 Rac8 17. Rd1 Rfd8 18. Rd3 d5 19. exd5 Nxd5 20. Nxd5 Bxd5 21. Bxd5 Rxd5 22. Rxd5 exd5 23. Qd4 Qe7 24. Bd2 Qe2 25. Bc3 Qe3+ 26. Kf1 Qxd4 27. Bxd4 Nd2+ 28. Ke2 Rxc2 29. Kd3 Rc4 30. Kxd2 Rxd4+ 31. Ke3 Re4+ 32. Kf3 f6 33. Rd1 Rc4 34. Rxd5 Rc2 35. Rd8+ Kf7 36. Ra8 Rxb2 37. Rxa6 Kg6 38. a3 Rb3+ 39. Kg4 h5+ 40. Kh4 Kf5 41. a4 Kxf4 42. axb5 Rxb5 43. Ra4+ Ke3 44. Ra3+ Kf2 45. Ra2+ Ke3 46. Ra3+ Kd4 1/2-1/2

[Event "Canadian op U2400"]
[Site "Montreal"]
[Date "2014.07.22"]
[Round "5"]
[White "Voskanyan, Vahagn"]
[Black "Twesigye, Derick Joshua"]
[Result "1-0"]
[WhiteElo "2225"]
[BlackElo "2023"]
[PlyCount "63"]
[EventDate "2014.07.19"]
[EventType "swiss"]
[EventRounds "9"]
[EventCountry "CAN"]
[SourceTitle "EXT 2022"]
[Source "ChessBase"]
[SourceDate "2021.10.06"]
[SourceVersion "1"]
[SourceVersionDate "2021.10.06"]
[SourceQuality "1"]

1. Nf3 Nf6 2. c4 g6 3. d4 Bg7 4. g3 c6 5. Bg2 d5 6. b3 0-0 7. 0-0 dxc4 8. bxc4 Nbd7 9. Bb2 Qb6 10. Bc3 Qa6 11. Nbd2 Nb6 12. c5 Nbd5 13. Bb2 Bg4 14. h3 Bxf3 15. Bxf3 Nd7 16. Qb3 Qa5 17. Rfd1 Rfd8 18. Rab1 N5f6 19. Bc3 Qa6 20. Qxb7 Qxa2 21. Qxc6 Rac8 22. Qb5 Rb8 23. Qc4 Qc2 24. Ba5 Qxc4 25. Nxc4 Rdc8 26. Bb7 Rf8 27. c6 Nb6 28. Bxb6 axb6 29. Nxb6 e6 30. Ba6 Nd5 31. Nxd5 exd5 32. Rxb8 1-0

[Event "Montreal McGill op"]
[Site "Montreal"]
[Date "2014.05.03"]
[Round "3"]
[White "Wan, Kevin"]
[Black "Twesigye, Derick Joshua"]
[Result "1/2-1/2"]
[WhiteElo "2044"]
[BlackElo "2103"]
[PlyCount "89"]
[EventDate "2014.05.02"]
[EventType "swiss"]
[EventRounds "5"]
[EventCountry "CAN"]
[SourceTitle "EXT 2015"]
[Source "ChessBase"]
[SourceDate "2014.11.20"]
[SourceVersion "1"]
[SourceVersionDate "2014.11.20"]
[SourceQuality "1"]

1. e4 c5 2. c3 d5 3. exd5 Qxd5 4. d4 Nf6 5. Nf3 Bg4 6. Be2 e6 7. h3 Bh5 8. Be3 cxd4 9. cxd4 Nc6 10. Nc3 Qd6 11. Qb3 Be7 12. 0-0 0-0 13. Rfd1 Nb4 14. d5 Nbxd5 15. g4 Bg6 16. g5 Ne4 17. Nxd5 exd5 18. Qxd5 Qxd5 19. Rxd5 Rfd8 20. Rad1 Rxd5 21. Rxd5 Rd8 22. Rxd8+ Bxd8 23. Bxa7 Nxg5 24. Nxg5 Bxg5 25. Bf3 Bf6 26. Bxb7 Bxb2 27. a4 Bf5 28. a5 Bxh3 29. Bc5 Be5 30. a6 Bb8 31. f3 g5 32. a7 Bxa7 33. Bxa7 Kg7 34. Kh2 Be6 35. Bc6 f5 36. Bd4+ Kg6 37. Be8+ Bf7 38. Bc6 h5 39. Kg2 f4 40. Be4+ Kh6 41. Be5 Bg6 42. Bd5 g4 43. Bxf4+ Kh7 44. Kg3 gxf3 45. Kxf3 1/2-1/2